00000000nam##2200000za#4500
0019.698060
003CaOODSP
00520210624235746
007cr |||||||||||
008150407|2001||||xxc|||||o    f|0| 0 eng|d
040 |aCaOODSP|beng
043 |an-cn---
0861 |aR2-115/2000E-PDF
1101 |aCanada.|bIndian and Northern Affairs. |bInformation Management Branch.
24510|aAboriginal labour force characteristics from the 1996 census / |h[electronic resource]|c[by] First Nations and Northern Statistics, Corporate Information Management Directorate.
260 |aOttawa - Ontario : |bIndian and Northern Affairs. |cMarch 2001.
300 |a51p.|bmaps, tables
500 |aThe catalogue number (R2-115/2000) and ISBN (0-662-654226) for the bilingual print edition have been incorrectly copied in this electronic publication.
590 |a13-15-Supp|b2013-06-24
69007|aIndigenous affairs|2gcpds
69007|aIndigenous peoples|2gcpds
69007|aLabour force|2gcpds
77508|tCaractéristiques de la population active autochtone d'après les résultats du recensement de 1996 / |w(CaOODSP)9.642056
7760#|tAboriginal labour force characteristics from the 1996 census |w(CaOODSP)9.662423
7760#|tCaractéristiques d'activité de la population autochtone d'après les résultats du recensement de 1996 |w(CaOODSP)9.662424
85640|ahttp://publications.gc.ca|qPDF|s723 KB|uhttps://publications.gc.ca/collections/Collection/R2-115-2000E.pdf
986 |aQS-3570-001-BB-A1